000 00564ntaaa2200169 4500
003 01
005 20251027202635.0
008 0714s1973 ag 01
040 _aAR-BaBN
_bspa
_cAR-BaBN
_eaacr
_dRIC
082 _a372.21 D83
100 _aDriau de Galimberti, N. M. A.
_925762
245 _aFlorilegio de actividades para jardín de infantes y primeros grados de la educación elemental /
_cN. M. A. Driau de Galimberti
260 _aBuenos Aires :
_bEdit. La Obra,
_cc1962
300 _a78 p.
500 _aBAJA PATRIMONIAL POR OBSOLESCENCIA 20190405
942 _cBK
999 _c21557
_d21557